| Tag |
First Indicator |
Second Indicator |
Subfields |
| LEADER |
00000cam a2200000 4500 |
| 001 |
in00000022832 |
| 005 |
20151007064147.0 |
| 008 |
750827s1964 nyu 00000 eng |
| 010 |
|
|
|a 64011718
|
| 035 |
|
|
|a (OCoLC)01576512
|
| 035 |
|
|
|9 AAD9194AM
|
| 040 |
|
|
|a DLC
|c IRU
|d TXA
|d UtOrBLW
|
| 041 |
0 |
|
|a eng
|a fre
|
| 049 |
|
|
|a TXAM
|c [412019]
|
| 050 |
0 |
0 |
|a PQ2601.P6
|b A713
|
| 082 |
0 |
|
|a 841.912
|
| 092 |
|
|
|a 841
|b A643
|
| 100 |
1 |
|
|a Apollinaire, Guillaume,
|d 1880-1918.
|
| 245 |
1 |
0 |
|a Alcools :
|b poems, 1898-1913 /
|c Translated by William Meredith with an introd. and notes by Francis Steegmuller.
|
| 264 |
|
1 |
|a Garden City, N.Y. :
|b Doubleday,
|c 1964.
|
| 300 |
|
|
|a xv, 242 pages ;
|c 22 cm.
|
| 336 |
|
|
|a text
|b txt
|2 rdacontent
|
| 337 |
|
|
|a unmediated
|b n
|2 rdamedia
|
| 338 |
|
|
|a volume
|b nc
|2 rdacarrier
|
| 700 |
1 |
|
|a Meredith, William,
|d 1919-2007.
|
| 999 |
|
|
|a MARS
|
| 999 |
f |
f |
|s dd34ea17-0969-310c-813f-d96ad176a61e
|i b5b39bd2-55b6-3c72-8bfb-9f01fa42ea93
|t 0
|
| 952 |
f |
f |
|p normal
|a Texas A&M University
|b College Station
|c Sterling C. Evans Library
|d Evans: Library Stacks
|t 0
|e PQ2601.P6 A713
|h Library of Congress classification
|i unmediated -- volume
|m A14801362622
|
| 998 |
f |
f |
|a PQ2601.P6 A713
|t 0
|l Evans: Library Stacks
|